000 00386nam a2200157Ia 4500
008 100122s9999 xx 000 0 und d
082 _b77307
_a150
100 _aSHARMA ROBIN S
245 _aTHE MONK WHO SOLD HIS FERRARI
250 _a1
260 _c2004
300 _a197
630 _aTHE MONK WHO SOLD HIS FERRARI
730 _aTHE MONK WHO SOLD HIS FERRARI
942 _cBOOK
999 _c394330
_d394327